100 rokov nitrianskej atletiky I. časť

Bibliographic Details
Main Authors: Čutrík, Ľudovít, 1931-2020 (Author), Machata, Miroslav (Author), Iléš, Justin (Author), Tóth, Ján (Author), Košudová, Anna (Author), Reviľák, Tomáš (Author), Maniačková, Zlata (Author)
Format: Book
Language:Slovak
PhysicalDescription:567 strán fotografie 27 cm
Published: [Nitra] Čakanka, n.o. 2023
ISBN:9788089624188
Edition:Druhé vydanie
Subjects:

MARC

LEADER 00000nam a2200000 4500
001 vtls012243404
003 SK-MaSNL
005 20260506072716.0
008 923110s2023 xo o gr 00000dslo
015 |a SNBA2023/11 
020 |a 9788089624188  |q (viazané) 
040 |a SNK  |b slo  |c SNK  |e rda 
041 0 |a slo 
043 |a e-xo--- 
044 |a xo  |c SK 
072 7 |a 796  |x Šport. Hry. Telesné cvičenia  |2 konspekt 
080 |a 796/799  |2 2011 
080 |a 796.42/.43  |2 2011 
080 |a 796/799(091)  |2 2011 
080 |a (082.2)  |2 2011 
100 1 |a Čutrík, Ľudovít,  |d 1931-2020  |4 aut  |9 204401 
245 1 0 |a 100 rokov nitrianskej atletiky  |n I. časť  |c Ľudovít Čutrík 
246 3 |a Sto rokov nitrianskej atletiky 
250 |a Druhé vydanie 
264 1 |a [Nitra]  |b Čakanka, n.o.  |c 2023 
300 |a 567 strán  |b fotografie  |c 27 cm 
336 |a text  |b txt  |2 rdacontent 
337 |a bez média  |b n  |2 rdamedia 
338 |a zväzok  |b nc  |2 rdacarrier 
500 |a Biografické údaje o autorovi. Miesto vydania podľa NA ISBN 
650 0 7 |a šport  |2 SNKPH  |9 1042 
650 0 7 |a atletika  |2 SNKPH  |9 3279 
650 0 7 |a dejiny športu  |2 SNKPH  |9 59611 
650 0 7 |a šport  |2 SNKPHeng  |9 1042 
650 0 7 |a Athletics  |2 SNKPHeng  |9 344682 
650 0 7 |a History of sports  |2 SNKPHeng  |9 309845 
651 7 |a Nitra (Slovensko)  |2 SNKPHgeo  |9 15714 
651 7 |a Nitra (Slovakia)  |2 SNKPHeng  |9 265425 
655 7 |a jubilejné publikácie  |2 SNKPH  |9 70339 
655 7 |a Jubilee books  |2 SNKPHeng  |9 281827 
700 1 |a Machata, Miroslav  |4 aut  |9 294012 
700 1 |a Iléš, Justin  |4 aut  |9 744986 
700 1 |a Tóth, Ján  |4 aut  |9 272879 
700 1 |a Košudová, Anna  |4 aut  |9 744987 
700 1 |a Reviľák, Tomáš  |4 aut  |9 744988 
700 1 |a Maniačková, Zlata  |4 aut  |9 744989 
852 |a Slovenská národná knižnica 
919 |a 978-80-89624-18-8 
954 |a odborná, vedecká literatúra pôvodná (slovenská)  |2 lita 
999 |c 1173876  |d 1175806 
952 |a SNK  |b SNK  |y PREZ  |7 0  |p 17A1538573  |o snkSB 99673  |i snk2023/15995  |8 0  |0 0  |1 0  |4 0  |d 2023-11-06  |f 1  |l 0  |r 2025-05-22 00:00:00  |w 2026-02-24 
952 |a SNK  |b SNK  |y VYP  |7 0  |p 17A1538574  |o snkSB 99673 D1  |i snk2023/15996  |8 0  |0 0  |1 0  |4 0  |d 2023-11-06  |l 0  |r 2026-02-24 21:13:42  |w 2026-02-24